[Event "WPL:Cardiff-The Full Ponty"]
[Site "?"]
[Date "2018.11.04"]
[Round "1.3"]
[White "Davis, Lee"]
[Black "Brown, Thomas"]
[Result "0-1"]
[WhiteElo "1948"]
[BlackElo "2041"]
[Annotator "Tom Brown"]
[PlyCount "114"]
[EventDate "2018.??.??"]

1. g3 g6 2. d4 Nf6 3. Bg2 Bg7 4. Nf3 O-O 5. c4 d6 6. O-O Nc6 7. Nc3 a6 8. e4
Bg4 9. h3 Bxf3 10. Bxf3 Nd7 11. Be3 e5 12. d5 Nd4 13. Bg2 c5 14. Rb1 b5 15.
cxb5 Nxb5 (15... axb5 16. Bxd4 exd4 17. Nxb5 Qb6 18. Na3 Qa6) 16. Ne2 Qa5 17.
a4 Nd4 18. Nxd4 exd4 19. Bd2 Qc7 20. b3 c4 21. bxc4 Qxc4 22. Rb4 Qc7 23. Qb1
Nc5 24. Rc1 f5 25. exf5 Rxf5 26. Bf4 Re8 27. Rb6 Be5 28. Bxe5 Rfxe5 29. Rc6 Qe7
30. Kh2 Re2 31. R1xc5 dxc5 32. d6 Qf7 33. Rc7 Qxf2 34. Qb7 Qxg2+ (34... Rd8 35.
Rg7+ Kh8 36. Rxh7+) 35. Qxg2 Rxg2+ 36. Kxg2 Rd8 37. Rxc5 Rxd6 38. Kf2 d3 39.
Ke1 d2+ 40. Kd1 Rd3 41. g4 Rxh3 42. Kxd2 Rh4 43. Rc4 h5 44. Rc8+ Kg7 45. gxh5
Rxh5 46. Rc7+ Kh6 47. Rc6 a5 48. Ra6 Rf5 49. Ke3 Kg5 50. Rb6 Re5+ 51. Kd4 Rf5
52. Ke3 Kh5 53. Ke4 Rg5 54. Rb5 Kg4 55. Ke3 Rf5 56. Ke2 Kf4 57. Kf2 Rxb5 0-1

[Event "WPL:Cardiff-The Full Ponty"]
[Site "?"]
[Date "2018.11.04"]
[Round "1.5"]
[White "Waterfield, John W"]
[Black "Sivarajasingam, Venetia"]
[Result "1/2-1/2"]
[WhiteElo "1929"]
[BlackElo "1760"]
[Annotator "John Waterfield"]
[PlyCount "89"]
[EventDate "2018.??.??"]

1. e4 e6 2. d4 d5 3. Nc3 dxe4 4. Nxe4 Nd7 5. Bd3 Ngf6 6. Qe2 Be7 7. Nf3 O-O 8.
c3 c5 9. O-O Nxe4 10. Qxe4 Nf6 11. Qh4 b6 $2 12. Bg5 g6 13. Be4 Rb8 14. Rad1 (
14. dxc5 {is more unpleasant}) 14... c4 15. Ne5 (15. Rfe1 {[%cal Gd4d5]}) 15...
Nd5 16. Bxe7 Qxe7 17. Qxe7 Nxe7 18. Nxc4 Ba6 19. Bd3 Bb7 20. Rfe1 Bd5 21. Ne5
Rfd8 22. Be4 Rbc8 23. Bxd5 Nxd5 24. g3 b5 25. Nd3 b4 $6 26. cxb4 Rc4 $1 27. Ne5
Rc2 28. b5 $1 Rxb2 29. Nc6 Re8 30. Rb1 Rxa2 31. Ra1 Rb2 32. Reb1 Rxb1+ 33. Rxb1
Kf8 34. Kf1 Rc8 35. Rb3 Ke8 36. Ke2 Kd7 37. Kd3 f6 38. Ra3 Rc7 39. Rxa7 $2 Nb4+
$1 40. Kc4 Nxc6 41. bxc6+ Kxc6 42. Rxc7+ Kxc7 43. Kc5 Kd7 44. f4 h6 45. d5
1/2-1/2

[Event "WPL:Nidum-Cardigan"]
[Site "?"]
[Date "2018.11.04"]
[Round "1.13"]
[White "Williams, A. Howard"]
[Black "Musson, Adam J"]
[Result "1-0"]
[WhiteElo "2255"]
[BlackElo "2022"]
[Annotator "kemen"]
[PlyCount "53"]
[EventDate "2018.11.04"]

1. d4 d5 2. c4 e6 3. Nf3 Nf6 4. g3 Be7 5. Bg2 O-O 6. O-O c6 7. Nc3 {a more
speculative line- Avrukh & Bologan prefer lines based on Qc2 & Nbd2} (7. Qc2
Nbd7 8. Bf4 Ne4 9. Nc3 Nxc3 10. Qxc3 Nf6 11. Nd2 Nh5 12. Be3 Bd6 {Williams-F
May, WCPL 2017, 1/2-1/2}) 7... Nbd7 8. b3 {main} (8. Qd3) (8. Qc2) 8... b6 9.
Qc2 (9. Bb2 {main}) 9... Bb7 (9... Ba6 10. Nd2 {alternative} (10. Rd1 $5 {
played as well})) 10. Rd1 {main} Rc8 {Intriguingly, despite this only the
second time the Catalan has cropped up for Wh in the databases & none for Bl;
both players follow previous game continuations for another 9 complex moves.
moves. There is, though one another example, this time with Howard defending
the Bl side!} (10... b5 {labelled an interesting pawn sacrifice by Moiseyev &
Ravinsky 1984:127} 11. cxb5 cxb5 12. Nxb5 Qa5 13. a4 Ne4 (13... Rfc8 14. Qa2
Ba6 15. Bd2 Qb6 16. Nc3 Rab8 17. Rac1 Ne4 {with an active position for the
pawn-Sosonko-Anderson, Wijk aan Zee 1976, 1/2-1/2}) 14. Nd2 Rfc8 15. Qb2 a6 16.
Nxe4 axb5 17. Bd2 Qb6 18. a5 Qd8 19. Nc3 b4 20. Na2 Rxa5 21. Nxb4 {and Wh was
simply a pawn up, Schmidt-Williams, Nice ol 1974,1-0}) 11. e4 {main} c5 (11...
dxe4 12. Nxe4 Nxe4 13. Qxe4 Nf6 14. Qc2 (14. Qe2 {main})) 12. exd5 (12. dxc5
dxc4 13. b4 a5 14. a3 axb4 15. axb4 bxc5 16. b5 Qc7 17. Bf4 e5 18. Bg5 Nb6 19.
Nd2 {Nakamura-Carlsen, Bilbao Masters 2016,1/2-1/2}) 12... exd5 13. Bb2 {main}
(13. dxc5 dxc4 14. b4 {next set up similar to Nakamura-Carlsen}) 13... dxc4 14.
d5 cxb3 (14... Ne8 {main} 15. Nb5 {82% for Wh} (15. bxc4 {75% for Wh, half the
number of games})) 15. axb3 {8-0} Ne8 16. Rxa7 $18 {preferred by the Engines,
3-0.} (16. Nb5 {also looks good, 5-0}) 16... Nd6 17. Ne4 Ra8 (17... Rc7 18.
Nfg5 $1 Bxg5 19. Nxd6 Qb8 20. Nb5 Bf6 21. Rda1 Bxb2 22. Qxb2 Rcc8 23. Rxb7 Qxb7
24. Ra7 Qb8 25. Rxd7 Rce8 26. Qa1 Qc8 27. Bh3 Qb8 28. Nc7 Re2 29. Ne6 {
Petursson-Godena, Holgen SKA 1994,1-0}) 18. Rxb7 $1 Nxb7 19. d6 Bf6 $146 (19...
Nxd6 20. Nxd6 Bf6 21. Bxf6 Qxf6 22. Ne4 Qe7 23. Nfg5 Rfd8 24. Nc3 {
Soltau-Schuetz, FRG jub corr Germany 1970 ,1-0}) 20. Nxf6+ gxf6 (20... Nxf6 21.
Ng5 (21. d7 Nxd7 22. Ne5 Nxe5 23. Rxd8 Raxd8 24. Bxe5 $18 {Komodo12}) 21... Ra2
22. Bxb7 Qd7 23. Bf3 Re8 24. Kg2 $18 {Komodo12}) 21. Nh4 (21. Qf5 {Komodo12,
seems to be even quicker} Re8 (21... Ra2 22. Ng5 fxg5 23. Be4 {mating}) 22.
Qg4+ Kh8 23. Ng5 $18 {Komodo12}) 21... Ra7 22. Nf5 (22. Qf5 {also}) 22... Ne5
23. Ne7+ (23. Bxb7 Rxb7 24. Qe4 Rd7 25. Bxe5 {is another way, Komodo12}) 23...
Kg7 24. Bxe5 {there are several ways in} (24. f4) (24. Qc1) 24... fxe5 25. Nc6
(25. Qf5 {Komodo12} Rh8 (25... f6 26. Be4 Rh8 27. Qg4+ Kf8 28. Nc6 $18 (28. Qh4
$18)) 26. Qg5+ Kf8 27. Qh6+ Ke8 28. Bc6+ $18) 25... Qa8 26. Nxa7 Qxa7 27. Qe4
$18 {a sustained attacking game} (27. Qf5 $18) 1-0

[Event "WPL:Nidum-Cardigan"]
[Site "?"]
[Date "2018.11.04"]
[Round "1.14"]
[White "Morris, Gareth"]
[Black "Jones, Iolo C"]
[Result "0-1"]
[WhiteElo "2018"]
[BlackElo "2198"]
[Annotator "kemen"]
[PlyCount "100"]
[EventDate "2018.11.04"]

1. d4 Nf6 2. Nf3 e6 3. c4 b6 (3... Bb4+ {has been Iolo's standard for a number
of years}) 4. a3 Bb7 5. Nc3 d5 {main} 6. cxd5 exd5 (6... Nxd5 7. Qc2 {main;
Morris-Reznak, Steve Boniface mem, Bristol 2017,0-1}) 7. g3 Nbd7 8. Bg2 Be7 9.
O-O O-O 10. Bf4 Nh5 (10... c5) (10... a6) (10... c6 {main lines}) 11. Bd2 (11.
Be3 {main}) 11... Nhf6 (11... c6 12. Ne5 Nxe5 13. dxe5 g6 14. Bh6 Ng7 15. e4 d4
16. Ne2 Ba6 17. Re1 d3 18. Nc3 Bc4 19. Rc1 Qd7 20. Qd2 Rfd8 {Muse-Nikolac,
Cvitanovic mem, Split 2000,1-0}) 12. Bf4 (12. b4 c6 (12... Ne4 13. Qc2 Nxd2 14.
Qxd2 a6 15. e3 Bd6 16. Ne2 Nf6 17. Rfd1 Qe7 18. Nc1 Ne4 19. Qb2 Bc8 20. Nd3 f6
{Bueno-Pritzer, Porto Alegre op 2011,0-1}) 13. Qb3 Re8 14. a4 a5 15. bxa5 Rxa5
16. Rfb1 c5 17. e3 Bf8 {Nielsen-Gelfand, EU ch internet blitz, playchess.com
2004,1-0}) 12... Nh5 13. Bd2 Nhf6 14. Rc1 c5 $11 (14... Re8 $14 15. Bf4 c6 {
transposes to 25 games}) (14... Ne4 $11 15. Bf4 Bd6 16. Bxd6 Nxd6 17. Ne5 Nf6
18. Qb3 Nde4 19. Rc2 Rc8 20. Rfc1 a6 21. Bh3 Rb8 22. Nxe4 dxe4 23. Rxc7 {
Chirivi Castiblanco op-Bejarano, Bogota McGregor op 2012,1-0}) 15. Bf4 {
transposes back to main lines} a6 (15... Ne4) 16. h3 $146 (16. dxc5 bxc5 17.
Ne5 Nb6 $14 {main}) 16... c4 (16... h6 $11 {Komodo12}) 17. Ne5 b5 18. Qc2 Nb6
19. g4 Ne8 20. Qf5 (20. Bg3 $11) 20... Nd6 21. Qc2 f6 (21... a5 $15) 22. Nf3
Re8 23. Nh4 Bf8 24. f3 {weakens the K side a little} (24. Nf5 Nxf5 25. Qxf5 Bd6
26. Bxd6 Qxd6 $11 {Komodo12}) 24... Nf7 $15 (24... a5 $17 {Komodo12} 25. Bxd6
Bxd6 26. Nxb5 Bf4 27. Nc3 (27. Rcd1 Qd7 28. Nc3 g6 $19)) (24... Bc6 $15) 25.
Bg3 Bd6 (25... Bc6 26. e4 a5 $17 {the bl squared B puts more pressure on Wh's
Q side; the wh one staring into space}) 26. Bxd6 Qxd6 (26... Nxd6 27. Nf5 Nxf5
28. Qxf5 a5 29. Nxb5 Rxe2 $17 {Komodo12}) 27. Nf5 Qd7 28. Qd2 Rad8 (28... a5) (
28... g6 29. Ng3 a5) 29. Qf4 g6 30. Ng3 Qd6 (30... a5 31. Qxf6 Re6 32. Qf4 b4
33. axb4 axb4 34. Nd1 Ra8 35. Rf2 Re7 $15 {Komodo121}) 31. Qxd6 Rxd6 (31...
Nxd6 $17) 32. e4 $15 Kg7 33. Rcd1 Red8 (33... Na4 {Komodo12} 34. Rd2 (34. Nxa4
bxa4 35. Rf2 Rb6 $15 {Bl has all the open lines}) 34... Nxc3 35. bxc3 Rde6 36.
Re2 a5 $15 {Komodo12; Bl has a potential passed c pawn}) 34. Nge2 $11 Bc6 35.
h4 a5 36. Nf4 Kg8 (36... b4 37. axb4 axb4 38. Na2 dxe4 39. fxe4 b3 40. Nc3 Na4
41. Nxa4 Bxa4 42. Rfe1 $11 {Komodo12}) 37. Nfxd5 Nxd5 38. exd5 Bxd5 39. Nxb5 (
39. f4 Bxg2 40. Kxg2 b4 41. Nb5 Rd5 42. a4 Rc8 43. f5 gxf5 (43... Kg7 44. fxg6
hxg6 45. Rde1 $11) 44. Rxf5 Rxf5 45. gxf5 Nh6 46. Kf3 Nxf5 47. h5 c3 48. bxc3
bxc3 49. Rc1 c2 50. Kf4 Ne7 $15 {Komodo12}) 39... Rb6 40. a4 Bc6 41. Nc3 (41.
Rf2 Bxb5 42. axb5 Rxb5 43. Bf1 Nd6 44. Rc2 Rb4 45. Rdc1 Rc8 46. Kf2 Kf7 47. b3
Rxb3 48. Bxc4+ Rxc4 49. Rxc4 Nxc4 50. Rxc4 $11 {Komodo12}) 41... Rxb2 $15 42.
d5 (42. Rfe1) 42... Be8 (42... Bd7) 43. f4 (43. Rf2 {Komodo12} Rb4 44. Re2 $11
Bxa4 45. Ra1) 43... Nd6 44. Rfe1 Rb3 45. Rc1 Bd7 46. g5 $11 (46. Ne4 Nxe4 47.
Rxe4 c3 48. Rc4 Bxg4 49. R1xc3 Rb2 50. Rc5 Ra8 51. Kh2 $11 {Komodo12}) 46...
fxg5 47. fxg5 (47. hxg5) 47... Re8 48. Rxe8+ Bxe8 49. Bh3 (49. Ne4 Nxe4 50.
Bxe4 Bxa4 51. Rxc4 Rb4 52. Rxb4 axb4 53. Kf2 $11 {Komodo12}) 49... Kf8 50. Kf2
$2 (50. Kg2 Ke7 $15) 50... Rxc3 $19 0-1

[Event "WPL:Nidum-Cardigan"]
[Site "?"]
[Date "2018.11.04"]
[Round "1.15"]
[White "Heap, Gerry"]
[Black "Gibbons, Andrew"]
[Result "1-0"]
[WhiteElo "2099"]
[BlackElo "1951"]
[Annotator "kemen"]
[PlyCount "67"]
[EventDate "2018.11.04"]

1. Nf3 c5 2. c4 g6 3. g3 Bg7 4. Bg2 Nc6 5. Nc3 d6 6. O-O e5 7. d3 Nge7 8. Rb1
O-O 9. a3 a5 {1580 games} (9... f5 {209 games}) 10. Bg5 (10. Ne1) (10. Bd2)
10... Rb8 (10... f6 {279 games, Ribli comments that Bl should keep the N , to
ensure a more complex game}) (10... h6 {35 games}) 11. Bxe7 Nxe7 12. b4 Bd7 (
12... axb4 13. axb4 cxb4 14. Rxb4 Bd7 (14... d5 15. Nxd5 Nxd5 16. cxd5 Qxd5 17.
Qb1 Qd6 18. Nd2 Qe7 19. Nc4 h5 20. Rc1 h4 21. Nb6 hxg3 22. hxg3 Be6 23. Bd5 $1
{Eingorn-Borovikov, Ordzhonikidze zt 2000,1-0}) 15. Qb3 Bc6 16. Nd2 Ra8 17. Nd5
{Bjuhr-Nyvlt,Wld ch ICCF 2002,1-0}) 13. Qb3 (13. bxc5 dxc5 14. Nd2 b6 15. Qc2
$14 {Komodo12}) 13... b6 14. Ne1 (14. bxa5 bxa5 15. Qc2 $14) 14... Bc6 (14...
Nc6 15. b5 Nd4 16. Qd1 Bg4 $11 {Komodo12}) 15. Nc2 Bxg2 16. Kxg2 f5 (16... axb4
17. axb4 f5 18. Ne3 Nc6 19. Ned5 $14 {Komodo12- keeps Bl Q side less exposed})
17. Ne3 Nc6 18. bxa5 Nd4 19. Qa4 $16 (19. Qa2 $16) 19... bxa5 20. Rxb8 Qxb8 21.
Rb1 Qa8+ 22. Ned5 $18 e4 (22... f4 23. f3) 23. e3 (23. dxe4 fxe4 24. Nxe4 $18 {
Komodo12}) 23... Ne6 (23... Nf3 24. dxe4 Nd2 25. Rb6 Bxc3 26. Nxc3 Qe8 27. Qxe8
Rxe8 28. exf5 Nxc4 29. Rb7 gxf5 30. Nd5 $16 {Komodo12}) 24. Qd7 $18 (24. dxe4
$18) 24... Ng5 25. dxe4 Bxc3 26. Nxc3 fxe4 27. Qxd6 (27. h4 Nf7 28. Nd5 $18 {
also}) 27... Qd8 28. Qxd8 (28. Qd5+) (28. Qxc5) 28... Rxd8 29. h4 Rd3 30. Rc1 (
30. Rb8+ Kg7 31. Rb7+ Kf8 32. Na4 Rxa3 33. Nxc5 Nf3 34. Nxe4 $18 {Komodo12})
30... Ne6 31. Nxe4 (31. a4 h5 32. Nxe4 Ra3 33. Rb1) 31... Rxa3 32. Rb1 Ra4 33.
Rb6 (33. Rb8+ Kf7 34. Rb7+ Kf8 35. Nd6 Ra2 36. Rxh7 Rd2 37. Ne4 Rc2 38. Ra7
Rxc4 39. Kf3 a4 40. Nf6 $18 {Komodo12}) 33... Kf7 (33... Nf8 34. Rb7 $1 (34.
Nxc5 Rxc4 35. Rb5 a4 36. Ra5 a3 37. Nb3 Rc3 38. Rxa3 $18) 34... Rxc4 35. Nf6+
Kh8 36. Rf7 a4 37. Rxf8+ Kg7 38. Nd7 Rb4 39. Rc8 c4 40. Ne5 $18 {Komodo12}) 34.
Rxe6 1-0

[Event "WPL:Nidum-Cardigan"]
[Site "?"]
[Date "2018.11.04"]
[Round "1.16"]
[White "Saunders, Robert"]
[Black "Van Kemenade, Rudy"]
[Result "1-0"]
[WhiteElo "2061"]
[BlackElo "1953"]
[Annotator "kemen"]
[PlyCount "64"]
[EventDate "2018.11.04"]

1. e4 e5 2. Nf3 Nf6 3. Nxe5 d6 4. Nf3 Nxe4 5. d4 d5 6. Bd3 Nc6 7. c3 Bg4 (7...
Be7) (7... Bd6) 8. Nbd2 (8. O-O {main & transposes to large number}) 8... f5 (
8... Nxd2 9. Bxd2 Bd6 {1 Wh win, 3 draws, 2 Bl wins} (9... Qe7+ 10. Be3 {0-2}))
9. O-O Be7 (9... Bd6 10. Qb3 (10. Re1 O-O 11. Qb3 Kh8 12. Qxb7 Ne7 (12... Rf6)
13. Ne5 Bxe5 14. dxe5 Ng6 15. Bxe4 fxe4 16. Nf1 Nxe5 17. Be3 Nd3 {Ellison-Van
Kemenade, Wigan 1992,0-1}) 10... Na5 (10... Qd7 11. Bb5 a6 12. Bxc6 bxc6 13.
Ne5 Bxe5 14. dxe5 Nc5 15. Qc2 O-O 16. f3 Bh5 {McKenna-Van Kemenade, Chester
1991,1-0}) 11. Qa4+ c6 12. b4 Nc4 13. Bxc4 dxc4 14. Nxc4 b5 15. Nxd6+ Qxd6 16.
Qb3 {Arthrudd9-Mark7albot, Arena online 2015,1-0}) 10. Qb3 Rb8 {44% for Wh} (
10... O-O {35% Wh} 11. Nxe4 Na5 12. Qa4 fxe4 13. Bxe4 dxe4 14. Ne5 Be6 15. Qxa5
c5 16. Qxd8 Raxd8 17. Be3 {Maia-Silva, BRA ch , ICCF 2015,1/2-1/2}) (10... Qd6
{42% Wh} 11. Qxb7 (11. Bb5 O-O 12. Bxc6 bxc6 13. Ne5 Be2 14. Re1 Rab8 15. Qc2
Ba6 {Cannon-Van Kemenade, BCF Major Open, Torquay 2002,0-1}) 11... Rb8 12. Qa6
O-O 13. Bb5 {Van Kemenade-Saunders, WCPL 2006,1/2-1/2}) (10... Na5 {75% Wh} 11.
Qa4+ c6 {eg Sanitt-Dixon, 4NCL 2014,1-0}) 11. Re1 (11. Bb5 Nxd2 12. Nxd2 O-O
13. f3 Bh5 14. Re1 {Van Kemenade-Dixon,S Wales Summer 2013,0-1}) 11... Qd6 (
11... O-O {transposes to main lines}) 12. Ne5 $146 {Komodo12 & other Engines} (
12. Nf1 O-O 13. Ne3 Bxf3 14. gxf3 Nxf2 15. Nxd5 $15 {2 draws}) 12... Nxe5 13.
dxe5 Qxe5 14. Nxe4 (14. f3 Bc5+ 15. Kf1 (15. Kh1 Nf2+ 16. Kg1 Nxd3+ 17. Kf1
Qxe1#) 15... c6 $15 {Komodo12} (15... Qxh2 {intended by Bl} 16. Bxe4 {Komodo12}
(16. fxg4 Qg1+ (16... O-O 17. Qxd5+ Kh8 18. Bxe4 fxe4+ 19. Ke2 Bf2 20. Rf1 Qxg2
21. Kd1 Qxg4+ 22. Kc2 e3 $19 {Komodo12}) 17. Ke2 Qe3+ 18. Kd1 Qxd3 $19)) 16.
Bxe4 (16. fxg4 O-O $19) 16... fxe4 17. Nxe4 O-O 18. Nxc5 Qxh2 19. Re3 Qh1+ 20.
Kf2 Rbe8 21. Rxe8 Rxe8 $19 {Komodo12}) (14. Nf1 O-O 15. f3 Bh5 16. fxe4 Bf7 17.
Be3 fxe4 18. Be2 c5 19. Qa4 Bd6 $14 {Komodo12}) 14... fxe4 $17 15. Be3 {both
Players misjudged here in thinking the piece could not be taken because of the
opening of the e file} (15. Bc2 Be6 16. Qa4+ c6 17. Qxa7 O-O $17 {Komodo12})
15... O-O (15... exd3 $19 {pm analysis} 16. Bc5 (16. Bd4 Qd6 $1 {Komodo12} (
16... Qg5 {pm analysis} 17. Re5 Qg6 18. Bc5 O-O 19. Bxe7 Rf7 20. Bh4 c6 $17 (
20... d2 $17)) 17. Bxg7 Rg8 18. Be5 Qc6 $19) 16... Be2 17. Qb5+ Kf7 18. Qxd3
Bxd3 19. Rxe5 Bxc5 20. Rxd5 Bxf2+ 21. Kxf2 Rbd8 $19 {Komodo12}) (15... Bd6 {
considered} 16. f4 {pm analysis} (16. g3 O-O 17. Bxa7 Rf7 {Komodo12} 18. f4 (
18. Bxb8 Qf5 19. Ba7 exd3 $19) 18... Qh5 19. Bf1 Bf3 20. Rad1 (20. Bxb8 Bc5+
21. Re3 Bxe3#) 20... Bxd1 21. Rxd1 c6 22. Bxb8 Bxb8 23. Rd2 b5 $17)) 16. Bd4
$16 Qd6 {both players thought this best} (16... Qe6 17. Rxe4 $18 {seen by both}
) (16... Qh5 17. Bxe4 Be6 18. Bf3 Rxf3 (18... Qf7 19. Rxe6) 19. Rxe6 $16 (19.
gxf3 Bh3 $19 (19... Bd6 $19))) (16... Qg5 17. h4 Qxh4 18. Qxd5+ Kh8 19. Rxe4
$16) 17. Bxe4 c6 $5 (17... Be6 18. Bd3 g6 19. Bxa7 Rbd8 20. Qxb7 $16) 18. g3 (
18. Be5 Qc5 19. Bxb8 {pm analysis} Qxf2+ 20. Kh1 Rxb8 21. Qc2 Qxc2 22. Bxc2 Bd6
23. h3 Bd7 24. Rf1 $14 {Komodo12}) 18... Kh8 (18... Qd7 19. Bxa7 Rbe8 $11 {
Komodo12}) (18... b6 19. Be5 Qc5 20. Bd4 (20. Bxb8 Qxf2+ 21. Kh1 Bf3+ 22. Bxf3
Qxf3+ 23. Kg1 Bc5+ 24. Re3 Bxe3#) 20... Qd6 21. Be5 $11 {Komodo12}) (18... Rf7
19. Bd3 (19. Bg2) 19... Rbf8 20. f4 g5 $11 {Komodo12}) 19. Bg2 Bf6 (19... Qd7
20. Bxa7 Rbe8 21. f4 Bd6 22. Bd4 $14 {Komodo1`2}) 20. Bxa7 $16 Rbd8 21. Qa4 (
21. Qxb7 $16 {is pefectly fine for Wh}) 21... Bd7 (21... Bf5 22. a3 $16) 22.
Rad1 (22. Qa5 $16) 22... b5 23. Qa5 (23. Qa6 Ra8 24. Qb7 Bg4 25. Rd3 h5 26. h4
$16 {Komodo12}) 23... Ra8 {Bl was hoping to trap the B} 24. Qb6 Bg4 $2 (24...
Bxc3 $1 {Komodo12- saves the game for Bl!} 25. bxc3 (25. Re3 Bb4 26. a3 Rxa7
27. Qxa7 Bc5 28. Qa5 Bxe3 29. fxe3 Qe7 30. Qa7 $11) (25. Rxd5 Qxd5 (25... Qf6
26. Rxd7 Bxe1 27. Qd4 Qxd4 28. Bxd4 Rad8 29. Bxg7+ Kg8 30. Bxf8 Rxd7 31. Bh6
Rd1 32. Kf1 Bd2+ 33. Ke2 Rg1 34. Bxd2 Rxg2 35. h4 Rg1 $15)) 25... Qa3 26. Rd2
Qxa7 $11 (26... Rxa7 $11 {also but does.t feel right to entangle the Bl pieces}
)) (24... Bd8 25. Qe3) 25. Rxd5 $18 {the Q has no squares} Qxd5 26. Bxd5 cxd5
27. Qe3 (27. Qxb5 Rxa7 28. Re8 Ra8 29. Rxf8+ Rxf8 30. Qb4 $18 {Komodo12}) 27...
h6 28. Bc5 Rf7 29. a3 Bg5 30. f4 (30. Qd3) 30... Bf6 31. Qd3 Rb8 32. Qg6 Rfb7
1-0